00856nam a2200241 a 450000100100000000500170001000800410002704000250006804100380009308200150013110000400014624000470018624500970023326000370033030000260036749000270039350000420042053400550046270000370051783000340055404900090058899900170059700002595620200930024201.0110224s1965 sp r 000 0 spa d aDO-SdBNPbspacBNPHU17aspahfre2Código de idioma MARC aNNNbC129m1 aCaffarel, Henri,d1903-1996.95283110aLe mariage, ce grand sacrementlEspañol.10aEl matrimonio, ese gran sacramento /cHenri Caffarel ; traducción por Santos Beguiristain. aMadrid :bEuramérica,c[1965]. a261, [7] p. ;c18 cm.1 amatrimonio y hogarv26 aIncluye notas al pie de las páginas aTítulo original:tLe mariage, ce grand sacrement1 aBeguiristain, Santosetr.952832 0amatrimonio y hogarv26952833 aBNGR c25448d25448